000 00723nam a2200241 i 4500
001 18012
003 ES-MaACL
005 20230906151735.0
007 t|
008 010806s1991 fr a |||| |dfre d
020 _a2-02-012871-3
080 _a1:929 Derrida, Jacques
100 1 _aBennington, Geoffrey.
_927743
245 1 0 _aJacques Derrida /
_cpar Geoffrey Bennington et Jacques Derrida.
260 _a[S.l.] :
_bEditions du Seuil,
_c1991.
300 _a373, [8] p. :
_bil. ;
_c19 cm.
490 1 _aLes contemporains ;
_v11
600 1 4 _aDerrida, Jacques.
_943797
700 1 _aDerrida, Jacques.
_943797
830 0 _aLes contemporains ;
_v11
_9228765
852 _aES-MaACL
_jL-24758
999 _c18012
_d18012